Sports Quiz

Random Sports or German Quiz

Current German National Team Squad Quiz Stats

 Plays Quiz not verified by Sporcle

Support Sporcle.
Go Orange.
Score 0/24 Timer 10:00
0 Plays Today
Hint Answer % Correct
BarcelonaMarc-Andre Ter Stegen
93.3%
Real MadridToni Kroos
91.5%
Bayern MunichJerome Boateng
87.3%
Bayern MunichMats Hummels
86.7%
PSGJulian Draxler
86.1%
ArsenalMesut Ozil
85.5%
Manchester CityLeroy Sane
84.8%
Bayern MunichJoshua Kimmich
84.2%
RB LeipzigTimo Werner
84.2%
JuventusSami Khedira
83.6%
LiverpoolEmre Can
78.8%
PSGKevin Trapp
76.4%
Hint Answer % Correct
Manchester CityIlkay Gundogan
76.4%
ChelseaAntonio Rudiger
73.9%
Bayer LeverkusenBernd Leno
72.1%
Borussia DortmundMario Gotze
69.7%
Bayern MunichNiklas Sule
64.8%
Bayer LeverkusenJulian Brandt
55.2%
Borussia MonchengladbachLars Stindl
51.5%
Bayern MunichSebastian Rudy
50.9%
HoffenheimSandro Wagner
48.5%
Borussia MonchengladbachMatthias Ginter
45.5%
Hertha BerlinMarvin Plattenhardt
32.1%
RB LeipzigMarcel Halstenberg
23%

You're not logged in!

Compare scores with friends on all Sporcle quizzes.
OR
Log In

From the Vault

Which is the US State Capital?

by mhershfield

You may think you know your state capitals, but this quiz might trip you up.
Remove Ads.
Support Sporcle.
Get the best of Sporcle when you Go Orange. This ad-free experience offers more features, more stats, and more fun while also helping to support Sporcle. Thank you for becoming a member.

Show Comments

Extras

Top Quizzes Today


Score Distribution

Your Account Isn't Verified!

In order to create a playlist on Sporcle, you need to verify the email address you used during registration. Go to your Sporcle Settings to finish the process.

Report this User

Report this user for behavior that violates our Community Guidelines.

Details: